INSECTICIDES ACT,1968 (Record no. 11664)
[ view plain ]
| 000 -LEADER | |
|---|---|
| fixed length control field | 00228nam a22001097a 4500 |
| 003 - CONTROL NUMBER IDENTIFIER | |
| control field | SGT |
| 082 ## - DEWEY DECIMAL CLASSIFICATION NUMBER | |
| Classification number | 632,BAR |
| 100 ## - MAIN ENTRY--PERSONAL NAME | |
| Personal name | BARE,ACT |
| 245 ## - TITLE STATEMENT | |
| Title | INSECTICIDES ACT,1968 |
| 260 ## - PUBLICATION, DISTRIBUTION, ETC. (IMPRINT) | |
| Place of publication, distribution, etc | NEW DELHI |
| Name of publisher, distributor, etc | EASTERN BOOK |
| Year of Publication | 2015 |
| 942 ## - ADDED ENTRY ELEMENTS (KOHA) | |
| Source of classification or shelving scheme | Dewey Decimal Classification |
| Koha item type | Books |
| Withdrawn status | Lost status | Source of classification or shelving scheme | Damaged status | Not for loan | Collection code | Home library | Current library | Shelving location | Date acquired | Vendor Name | Cost, normal purchase price | SGTU | Total Checkouts | Full call number | Accession No. (Barcode) | Date last seen | Bill Date | Koha item type |
|---|---|---|---|---|---|---|---|---|---|---|---|---|---|---|---|---|---|---|
| Dewey Decimal Classification | LAW | SGT Science & Social Sciences Library | SGT Science & Social Sciences Library | Text Book | 03/06/2017 | DONATED ACT | 125.00 | SGTU | 632,BAR | FLBA85 | 03/06/2017 | 03/06/2017 | Books |